| 000 | 01749nam a2200325 4500 | ||
|---|---|---|---|
| 001 | 113826 | ||
| 003 | DR-UNIBE | ||
| 005 | 20250709085519.0 | ||
| 008 | 250703b2009 dr ||||| |||| 00| 0 spa d | ||
| 040 |
_aBIBLIOTECA UNIBE _bspa _cBIBLIOTECA UNIBE _erda |
||
| 041 | _aspa | ||
| 082 |
_222 _a RD 372.8 L732t |
||
| 100 | 1 | 0 |
_aLima Jiménez, Dinorah de _969880 _eautor _epropuesta psicopedagógica de las guías |
| 100 |
_aRodríguez González, Mercedez _9197000 _eautor |
||
| 245 | 1 | 0 |
_aTalleres integrados de lectoescritura 1: _bmis documentos de identidad, segundo grado / _cDinorah de Lima Jiménez, Mercedez Rodríguez González |
| 250 | _atercera edición | ||
| 260 |
_aSanto Domingo : _bAgencia de los Estados Unidos para el Desarrollo Internacional (USAID) : _bCETT, _c2009 |
||
| 300 |
_a103 páginas : _bilustraciones , tablas ; _c27 x 21 cm |
||
| 505 | _aIntroducción | Sugerencias para el uso de las guías | ¿Qué contiene la guia? | A. Unidad temática: nuestros derechos | B. Unidad temática: mi familia | C. Unidad temática: mi equipo | Referencias bibliográficas | Anexo: plantillas de diferentes árboles familiares | ||
| 650 | 7 |
_2lemb _a Lectura _xEducación primaria _9197186 |
|
| 650 | 7 |
_2lemb _a Comprensión de lectura _xGuías _9197187 |
|
| 650 | 7 |
_2lemb _aEscritura _xEducación primaria _9197188 |
|
| 700 | 1 | 0 |
_aCarrasco, Rafaela _9196964 _ecolaborador |
| 700 | 1 | 0 |
_aMontenegro, Liliana _955076 _ecolaborador |
| 700 | 1 | 0 |
_aMena, Norma _9196965 _ecolaborador |
| 700 | 1 | 0 |
_aOlloqui, Marta de _9196988 _ediseñador _ediagramador _eilustrador |
| 700 | 1 | 0 |
_aCepeda, Frank E. _9196989 _ediseñador _ediagramador _eilustrador |
| 700 | 1 | 0 |
_aHerrera Chez, Homero _9196990 _ediseñador _ediagramador _eilustrador |
| 942 |
_2ddc _cBK |
||
| 999 |
_c113826 _d113826 |
||